| 000 | 01530cam a2200349 i 4500 | ||
|---|---|---|---|
| 003 | SA-RiAUC | ||
| 005 | 20250105135809.0 | ||
| 008 | 250105s1998 su f b 00100bara c | ||
| 040 |
_aSA-RiAUC _bara _cSA-RiAUC _erda |
||
| 050 | 4 | _bM84 1998 | |
| 082 | 0 | 4 |
_a922.582 _qSA-RiAUC |
| 090 |
_a922.582 _b ع ل ي |
||
| 100 | 1 |
_aعلي، عبد الرحمن آدم _eمؤلف. |
|
| 245 | 1 | 2 |
_aالإمام الشاطبي : _bعقيدته وموقفه من البدع وأهلها / _cتأليف عبد الرحمن آدم علي. |
| 250 | _aالطبعة الأولى. | ||
| 264 | 1 |
_aالرياض : _bمكتبة الرشد، _c1998 |
|
| 300 |
_a544 صفحة ؛ _c24 سم |
||
| 336 |
_aنص _btxt _2rdacontent _3كتاب |
||
| 337 |
_aبدون وسيط _bn _2rdamedia |
||
| 338 |
_aمجلد _bnc _2rdacarrier |
||
| 500 | _aالأصل أطروحة ماجستير-الجامعة الإسلامية، 1412 هـ. | ||
| 500 | _aكشاف بالآيات والأحاديث النبوية والأعلام : صفحة 469-488. | ||
| 504 | _aببليوجرافية : صفحة 489-532. | ||
| 600 | 1 | 7 |
_aالشاطبي، إبراهيم بن موسى بن محمد، _dتوفي 790 هجري _2aucnm |
| 650 | 7 |
_aالفقهاء المالكية _vتراجم _2aucsh |
|
| 650 | 7 |
_aالفقه المالكي _2aucsh |
|
| 650 | 7 |
_aالبدع في الإسلام _2aucsh |
|
| 650 | 7 |
_aالوحدانية _2aucsh |
|
| 650 | 1 | 7 |
_aالإسلام _vتراجم _2aucsh |
| 942 |
_2ddc _cBOOK _n0 |
||
| 949 |
_aSA-JeALM _d250105 _umohamedma123 _n1 |
||
| 999 |
_c4480 _d4480 |
||